000
00279 a2200121 4500
001
146603
040
_c
Escola São Tomás de Aquino
100
_a
DUARTE, Marcelo
240
1
0
_a
Meu outro eu
_l
por
245
1
0
_a
Meu outro eu
697
_a
*LITERATURA INFANTO JUVENIL
942
_c
BK
999
_c
146603
_d
146603